Codependency for dummies / (Record no. 444)

MARC details
000 -LEADER
fixed length control field 01899cam a22004097a 4500
005 - DATE AND TIME OF LATEST TRANSACTION
control field 20260322212020.0
008 - FIXED-LENGTH DATA ELEMENTS--GENERAL INFORMATION
fixed length control field data
010 ## - LIBRARY OF CONGRESS CONTROL NUMBER
LC control number 2012934756
Canceled/invalid LC control number 2012936411
020 ## - INTERNATIONAL STANDARD BOOK NUMBER
International Standard Book Number 9781118095225 (pbk)
020 ## - INTERNATIONAL STANDARD BOOK NUMBER
International Standard Book Number 1118095227 (pbk)
020 ## - INTERNATIONAL STANDARD BOOK NUMBER
Canceled/invalid ISBN 9781118223581 (ebk)
020 ## - INTERNATIONAL STANDARD BOOK NUMBER
Canceled/invalid ISBN 9781118236871 (ebk)
020 ## - INTERNATIONAL STANDARD BOOK NUMBER
Canceled/invalid ISBN 9781118261927 (ebk)
020 ## - INTERNATIONAL STANDARD BOOK NUMBER
International Standard Book Number 1118095227
040 ## - CATALOGING SOURCE
Original cataloging agency BTCTA
Language of cataloging eng
Transcribing agency BTCTA
Modifying agency DLC
-- YDXCP
-- GZF
-- WIQ
-- ILC
-- ON8
-- BUR
-- MQP
-- NHA
-- OCLCF
-- DLC
042 ## - AUTHENTICATION CODE
Authentication code lccopycat
050 00 - LIBRARY OF CONGRESS CALL NUMBER
Classification number RC569.5.C63
Item number L35 2012
082 04 - DEWEY DECIMAL CLASSIFICATION NUMBER
Classification number 616.869
Edition information 23
092 ## - LOCALLY ASSIGNED DEWEY CALL NUMBER (OCLC)
Classification number 616.86 L35 2012
001 - CONTROL NUMBER
control field data
100 1# - MAIN ENTRY--PERSONAL NAME
Personal name Lancer, Darlene.
245 10 - TITLE STATEMENT
Title Codependency for dummies /
Statement of responsibility, etc. Darlene Lancer.
260 ## - PUBLICATION, DISTRIBUTION, ETC.
Place of publication, distribution, etc. Hoboken, NJ :
Name of publisher, distributor, etc. John Wiley & Sons,
Date of publication, distribution, etc. c2012.
300 ## - PHYSICAL DESCRIPTION
Extent xvi, 316 p. :
Other physical details ill. ;
Dimensions 24 cm.
490 1# - SERIES STATEMENT
Series statement --For dummies
500 ## - GENERAL NOTE
General note Includes index.
505 0# - FORMATTED CONTENTS NOTE
Formatted contents note What is codependency and who is codependent? -- Breaking the cycle of codependency: beginning recovery -- The skills: taking action -- Standing on your own: leaving codependency behind -- The part of tens.
520 ## - SUMMARY, ETC.
Summary, etc. Codependency is a learned behavior that can be passed down from generation to generation. Lancer offers assistance in understanding the history, symptoms, causes, and relationship dynamics, and lays out a clear plan for recovery.
650 #0 - SUBJECT ADDED ENTRY--TOPICAL TERM
Topical term or geographic name entry element Codependency.
650 #0 - SUBJECT ADDED ENTRY--TOPICAL TERM
Topical term or geographic name entry element Self-care, Health.
650 #7 - SUBJECT ADDED ENTRY--TOPICAL TERM
Topical term or geographic name entry element Codependency.
650 #7 - SUBJECT ADDED ENTRY--TOPICAL TERM
Topical term or geographic name entry element Self-care, Health.
830 #0 - SERIES ADDED ENTRY--UNIFORM TITLE
Uniform title --For dummies.
856 42 - ELECTRONIC LOCATION AND ACCESS
Materials specified Contributor biographical information
Uniform Resource Identifier <a href="http://www.loc.gov/catdir/enhancements/fy1409/2012934756-b.html">http://www.loc.gov/catdir/enhancements/fy1409/2012934756-b.html</a>
856 42 - ELECTRONIC LOCATION AND ACCESS
Materials specified Publisher description
Uniform Resource Identifier <a href="http://www.loc.gov/catdir/enhancements/fy1409/2012934756-d.html">http://www.loc.gov/catdir/enhancements/fy1409/2012934756-d.html</a>
856 41 - ELECTRONIC LOCATION AND ACCESS
Materials specified Table of contents only
Uniform Resource Identifier <a href="http://www.loc.gov/catdir/enhancements/fy1409/2012934756-t.html">http://www.loc.gov/catdir/enhancements/fy1409/2012934756-t.html</a>
Holdings
Withdrawn status Lost status Damaged status Not for loan Home library Current library Shelving location Date acquired Total checkouts Full call number Barcode Date last seen Price effective from Koha item type
        Riverside Riverside General stacks 22/03/2026   616.869 23 BC0010455 22/03/2026 22/03/2026 Books